1882 1802 1797 1936 1893 1659 1682 1689 1298 1445 1923 1256 1334 1851 1704 1646 1392 1765 1715 1925 1552 1893 1907 1460 1038 1227 1040 1509 1180 1601 1579 1470 1695 1161 1935 1016 1670 1720 1491 1781 1085 1491 1491 1500 1359 1556 1348 1910 1260 1452 1157 1681 1378 1403 1580 1399 1192 1791 1890 1354 1392 1186 1937 1784 1167 1392 1705 1152 1473 1952 1740 1719 1241 1615 1801 1379 1880 1934 1661 1012 1953 1153 1476 1740 1862 1003 1042 1534 1231 1414 1118 1225 1357 1813 1876 1847 1229 1486 1307 BCNSPRNW ULIB Ver.6.0+V

เปลี่ยนเป็นภาษาไทย

Change to English
 แสดงรายละเอียดบรรณานุกรม
  กลับหน้าหลัก

Brief Record : Get Marc (ISO 2709) : E-mail record : QR code < ปิดหน้าต่าง
LEADER : 00000nam 2200000uu 4500
001    13399112676
003     ULIB
008    110901s2550||||th 000 0 tha d
020    9741331487
020    9789741331482
050  4 LB1051^bส858จ 2550
100 0  สุรางค์ โค้วตระกูล
245 10 จิตวิทยาการศึกษา /^cสุรางค์ โค้วตระกูล
250    พิมพ์ครั้งที่ 7
260    กรุงเทพฯ :^bสำนักพิมพ์แห่งจุฬาลงกรณ์มหาวิทยาลัย,^c2550
300    490 หน้า :^bภาพประกอบ ;^c26 ซม.
650  4 จิตวิทยาการศึกษา
945    ^p275^l0^i019799
945    ^p275^l0^i023752
945    ^p275^l0^i023753
995    ทศพร
999 ^a ทศพร
รายการนี้ยังไม่มีแท็ก
คุณยังไม่ได้ล็อกอิน คุณสามารถมีกิจกรรมร่วมกับเว็บไซต์ได้ แต่ต้องล็อกอินก่อน ::
  ล็อกอิน

รายการสื่อสารสนเทศ

ลำดับที่ ประเภท เลขเรียก/บาร์โค้ด สถานที่ สถานะ
- ไม่พบข้อมูล -

รายการใกล้เคียง
    ผู้แต่ง [สุรางค์ โค้วตระกูล]

    หัวเรื่อง [จิตวิทยาการศึกษา]

BibComment


ยังไม่เคยถูกคอมเมนท์

คอมเมนท์ทรัพยากรรายการนี้
  คอมเมนท์: จิตวิทยาการศึกษา ..


 Copyright 2026. Bcnsprnw @Library